000 00306nam a2200121Ia 4500
008 240731s9999 xx 000 0 und d
022 _a1469-5812
245 0 _aEducational Philosophy and Theory
260 _bRoutledge
856 _uhttps://www.tandfonline.com/loi/rept20
942 _2ddc
942 _cTFEJ
999 _c76373
_d76373
945 _a1
_bMadushi Gamage
_c1
_dMadushi Gamage